| LEADER | 00883cam a2200241 a 4500 | ||
|---|---|---|---|
| 001 | u845992 | ||
| 003 | SIRSI | ||
| 005 | 201112080938 | ||
| 008 | 111208n2011 my 000 0 eng m | ||
| 040 | |a UMP | ||
| 043 | |a a-my--- | ||
| 096 | |a WB115 |u M 2011 Anu | ||
| 100 | 0 | |a Anusha Shunmugarajoo. | |
| 245 | 1 | 2 | |a A multicentered study to validate the predictive value of warning signs in dengue / |c Anusha Shunmugarajoo. |
| 260 | |c 2011. | ||
| 300 | |a xii, 40 leaves : |b col. ill., tables ; |c 30 cm. | ||
| 502 | |a Dissertation (M. Int. Med) -- Department of Medicine, Faculty of Medicine, University of Malaya, 2011. | ||
| 504 | |a Bibliography: leaves 37-39. | ||
| 650 | 1 | 2 | |a Dengue |x blood |z Malaysia. |
| 710 | 2 | 0 | |a Universiti Malaya. |b Jabatan Perubatan. |
| 900 | |a RAH | ||
| 596 | |a 2 | ||
| 999 | |a WB115 UM 2011 ANU |w NLM |c 1 |i A514976443 |d 9/1/2012 |f 9/1/2012 |g 1 |l TESIS |m P02MEDKL |r Y |s Y |t TESIS |u 9/1/2012 | ||
